|
|
|
|
| LEADER |
00885nam a2200217 a 4500 |
| 001 |
9872915 |
| 008 |
090514s1965 xx a b 001 0 eng d |
| 010 |
|
|
|a \\\66000663
|
| 040 |
|
|
|a DLC
|c RUn
|d Uk
|d DLC
|
| 082 |
|
|
|a 630.715
|
| 100 |
1 |
|
|a Savile, A. H.
|
| 245 |
1 |
0 |
|a Extension in rural communities;
|b a manual for agricultural and home extension workers
|c [by] A. H. Savile.
|
| 260 |
|
|
|a London,
|a New York,
|b Oxford University Press,
|c 1965.
|
| 300 |
|
|
|a xii, 148 p.
|b illus.
|c 21 cm.
|
| 490 |
|
0 |
|a Oxford tropical handbooks
|
| 504 |
|
|
|a Bibliography: p. [142]-143.
|
| 541 |
1 |
|
|e 00011746
|
| 650 |
|
0 |
|a Agricultural extension work.
|
| 852 |
4 |
|
|a Ayesha Abed Library
|j Generalshelf
|
| 999 |
|
|
|c 716
|d 716
|
| 952 |
|
|
|0 0
|1 0
|2 ddc
|4 0
|6 630_715000000000000_SAV
|7 0
|9 659
|a BRACUL
|b BRACUL
|c GEN
|d 2009-05-14
|g 0.00
|l 0
|o 630.715 SAV
|p 3010011746
|r 2009-05-14
|t 1
|w 2009-05-14
|y BK
|x No price found in the accession register.
|